Studying geography at university : (Record no. 37967)
[ view plain ]
| 000 -LEADER | |
|---|---|
| fixed length control field | 01336cam a2200205 i 4500 |
| 020 ## - INTERNATIONAL STANDARD BOOK NUMBER | |
| ISBN | 9780815369691 |
| 041 ## - LANGUAGE CODE | |
| Language code of text/sound track or separate title | eng- |
| 082 00 - DEWEY DECIMAL CLASSIFICATION NUMBER | |
| Classification number | 910.711 |
| Item number | TAT-S |
| 100 1# - MAIN ENTRY--AUTHOR NAME | |
| Personal name | Tate, Simon |
| Relator term | author. |
| 245 10 - TITLE STATEMENT | |
| Title | Studying geography at university : |
| Sub Title | how to succeed in the first year of your new degree / |
| Statement of responsibility, etc | Simon Tate and Peter Hopkins. |
| 260 ## - PUBLICATION, DISTRIBUTION, ETC. (IMPRINT) | |
| Place of publication | UK : |
| Name of publisher | Routledge, |
| Year of publication | 2021. |
| 300 ## - PHYSICAL DESCRIPTION | |
| Number of Pages | xi, 176p. |
| Other physical details | illustrations ; |
| 504 ## - BIBLIOGRAPHY, ETC. NOTE | |
| Bibliography, etc | Includes bibliographical references and index. |
| 520 ## - SUMMARY, ETC. | |
| Summary, etc | "Written by leading academics, this book is an invaluable "how to..." guide to studying for a Geography degree. Written in a practical and conversational style, it offers important insights into how to succeed in first-year, covering everything from how to succeed in assessments to how to decide where to live. Some of the information the book provides is academic and some of it is non-academic as negotiating both is important in order to be successful in the first year of a Geography degree. This guide is a must-read for anyone starting their studies in Human Geography, Physical Geography, Environmental Science, or any other related subject at university"-- |
| 546 ## - LANGUAGE NOTE | |
| Language note | English. |
| 650 #0 - SUBJECT ADDED ENTRY--TOPICAL TERM | |
| Topical Term | Geography |
| General subdivision | Study and teaching (Higher) |
| 650 #0 - SUBJECT ADDED ENTRY--TOPICAL TERM | |
| Topical Term | College students |
| General subdivision | Social conditions. |
| 700 1# - ADDED ENTRY--PERSONAL NAME | |
| Personal name | Hopkins, Peter |
| Relator term | author. |
| 942 ## - ADDED ENTRY ELEMENTS (KOHA) | |
| Source of classification or shelving scheme | Dewey Decimal Classification |
| Koha item type | Books |
| Withdrawn status | Lost status | Damaged status | Not for loan | Home library | Current library | Date acquired | Source of acquisition | Cost, normal purchase price | Full call number | Accession Number | Cost, replacement price | Price effective from | Koha item type |
|---|---|---|---|---|---|---|---|---|---|---|---|---|---|
| NASSDOC Library | NASSDOC Library | 16/03/2023 | Overseas | 0.00 | 910.711 TAT-S | 53569 | 0.00 | 07/06/2023 | Books |
